000 00749nas a2200241 4500
001 BR9212804
003 BR-BrBNA
005 20231205094800.0
007 ta
008 230509b bl.|||p| |||| 00| 00por d
040 _aBR-BrBNA
_bpor
_cBiblioteca Nacional de Agricultura
041 _a(Pt)
072 _aH50
100 1 _aRodrigues, M.A. la R.
100 1 _aPuga, F.R.
245 1 _aEfeitos do inseticida fosforado, "ofunack" sobre o metabolismo de celulas cultivadas "in vitro"
650 _aInseticida
650 _aToxidez
650 _aCelula
773 0 _tArquivos do Instituto Biologico (Brazil)
_xISSN 0020-3653
_g(Oct-Dec 1978), v. 45(4) p. 287-290
_wBR9212804
909 _a202311
_bLúcia
_c55
_dLúcia Elande
942 _2AGRIS
_n0
_cANA
999 _c146807
_d146807